000 01329nam a22002657a 4500
005 20170124103204.0
010 _aB-157977
020 _c160.00
035 _aB-157977
037 _bCen Lib/Ret
040 _aDPL
_bHN
082 _a305.4
_bनयेआ
245 _aनये आयामों को तलाशती नारी /
_cसंपादक दिनेशनन्दिनी डालमिया [एवं] राशी मलहोत्रा
246 _aNaye ayamon ki talashati nari /
_bsampadak dineshnandini Damiya [evam] Rashmi Malhotra
260 _aदिल्ली
_bनवचेतन प्रकाशन
_c2003
270 _b दिल्ली
_aजी-5, गली.न. 16, राजापुरी, उत्तम नगर
_e110059
300 _a158पृ.
_c21सेमी(सजिल्द )
650 _aसामाजिक समस्या
_x
_z
_993301
650 _aसामाजिक समस्या -- नारी उत्थान
_993302
650 _aSocial problem
_9241
650 _aSocial problem - female emancipation
_993303
700 _aडालमिया, दिनेशनन्दिनी
_993304
700 _aमलहोत्रा, रश्मि
_993305
942 _2ddc
_cHN
_h305.4
_mनयेआ
999 _c120898
_d120898